[Event "Mittelfr. EM - Qualifikationsturnier"]
[Site "Büchenbach"]
[Date "2011.04.21"]
[Round "4.17"]
[White "Siegl, Melina"]
[Black "Siegl, Adrian"]
[Result "1/2-1/2"]
[WhiteElo "1585"]
[BlackElo "1383"]
[PlyCount "51"]
[EventDate "2011.??.??"]
[WhiteTeam "SW Nürnberg Süd e.V."]
[BlackTeam "SW Nürnberg Süd e.V."]

1. e4 c5 2. Nf3 Nc6 3. d4 cxd4 4. Nxd4 Nf6 5. Nc3 e5 6. Ndb5 d6 7. Nd5 Nxd5 8.
exd5 Ne7 9. c4 Ng6 10. Be2 a6 11. Nc3 Be7 12. O-O O-O 13. Be3 f5 14. f3 f4 15.
Bf2 Bh4 16. Bd3 Bxf2+ 17. Rxf2 Ne7 18. Qc2 g6 19. Re1 Bf5 20. Ne4 Bxe4 21. Bxe4
Nf5 22. Bxf5 Rxf5 23. Rc1 Rc8 24. Qa4 Rf7 25. b4 Qb6 26. c5 1/2-1/2

[Event "Mittelfr. EM - Qualifikationsturnier"]
[Site "Büchenbach"]
[Date "2011.04.21"]
[Round "4.19"]
[White "Kellmann, Andreas"]
[Black "Andersen, Ernst"]
[Result "1/2-1/2"]
[WhiteElo "1396"]
[BlackElo "1562"]
[PlyCount "141"]
[EventDate "2011.??.??"]
[WhiteTeam "SG Büchenbach/Roth e.V."]
[BlackTeam "Privatverein Roth e.V."]

1. e4 c5 2. Nf3 e6 3. Nc3 a6 4. Bc4 b5 5. Be2 b4 6. Nb1 Bb7 7. d3 Nc6 8. Be3
Qc7 9. Nbd2 Nf6 10. Nb3 d6 11. h3 Be7 12. Qd2 e5 13. O-O a5 14. a4 O-O 15. Qd1
Rac8 16. Nbd2 Nd4 17. Bxd4 cxd4 18. Nc4 Ba6 19. b3 Nd7 20. Nfd2 f5 21. exf5 d5
22. Nb2 Qxc2 23. Rb1 Rc7 24. Qxc2 Rxc2 25. Rfd1 Bg5 26. Nf3 Bf6 27. Nd2 e4 28.
Bf1 Bg5 29. dxe4 Bxf1 30. Nxf1 Bf6 31. Nd3 dxe4 32. Nf4 Rfc8 33. Nd5 d3 34.
Nfe3 R2c5 35. Nxf6+ Nxf6 36. f3 Rd8 37. fxe4 Nxe4 38. Rb2 d2 39. g4 Rc1 40.
Rbxd2 Rxd1+ 41. Rxd1 Rxd1+ 42. Nxd1 Nd2 43. Nb2 Nxb3 44. Nc4 Nc5 45. Nxa5 b3
46. Nc4 Nxa4 47. Nd2 b2 48. Nb1 Kf7 49. Kf2 Kf6 50. h4 h6 51. Ke3 Ke5 52. Na3
Nb6 53. Kd2 Kf4 54. Kc3 Kxg4 55. Kxb2 Kxf5 56. Nc2 Kg4 57. Ne3+ Kf4 58. Ng2+
Kf3 59. Ne1+ Kg4 60. Ng2 Nd5 61. Kc2 Nf4 62. Ne3+ Kh5 63. Kd2 g6 64. Ke1 Kxh4
65. Kf2 h5 66. Kf3 Nd3 67. Ke4 Ne1 68. Ke5 Nf3+ 69. Kf6 g5 70. Kg6 Nd4 71. Ng2+
1/2-1/2

[Event "Mittelfr. EM - Qualifikationsturnier"]
[Site "Büchenbach"]
[Date "2011.04.21"]
[Round "4.20"]
[White "Tong, Kevin"]
[Black "Diebel, Günter"]
[Result "0-1"]
[WhiteElo "1432"]
[BlackElo "1704"]
[PlyCount "124"]
[EventDate "2011.??.??"]
[WhiteTeam "SC Erlangen 48/88 e.V."]
[BlackTeam "SG Büchenbach/Roth e.V."]

1. e4 Nc6 2. Nf3 d5 3. exd5 Qxd5 4. Nc3 Qa5 5. Bc4 Bg4 6. d3 Qh5 7. Bb5 Bxf3 8.
Qxf3 Qxf3 9. gxf3 Kd7 10. Be3 e6 11. Rg1 g6 12. Kd2 a6 13. Ba4 b5 14. Bb3 Bg7
15. Rab1 Bxc3+ 16. Kxc3 a5 17. a3 Nge7 18. Kd2 Nf5 19. c3 b4 20. f4 Rhb8 21.
Bc2 Nh4 22. Ke2 Rb7 23. a4 Rab8 24. c4 Nf5 25. Rg2 Ncd4+ 26. Bxd4 Nxd4+ 27. Kd2
c5 28. h3 Ke7 29. Rg3 Rd7 30. Bd1 Rbd8 31. b3 Kf6 32. Bg4 h6 33. h4 Nf5 34.
Bxf5 Kxf5 35. Re3 Kxf4 36. Rg1 e5 37. Ke2 Kf5 38. Rg2 Rd4 39. Rh2 h5 40. Rh1
Rg4 41. Rhh3 Rdd4 42. Rhf3+ Ke6 43. Rh3 Rxh4 44. Rxh4 Rxh4 45. Rf3 f5 46. Rg3
Kf6 47. Rf3 g5 48. Rg3 f4 49. Rg1 g4 50. Ke1 Rh3 51. Kd2 Kf5 52. Ke2 h4 53. Kd2
g3 54. f3 Rh2+ 55. Ke1 Rf2 56. Rf1 Rb2 57. Kd1 h3 58. Kc1 g2 59. Rg1 h2 60.
Kxb2 hxg1=Q 61. Kc2 Qf2+ 62. Kc1 g1=R# 0-1

[Event "Mittelfr. EM - Qualifikationsturnier"]
[Site "Büchenbach"]
[Date "2011.04.21"]
[Round "4.21"]
[White "Lutter, Maximilian"]
[Black "Dorner, Hans"]
[Result "0-1"]
[WhiteElo "1271"]
[BlackElo "1675"]
[PlyCount "44"]
[EventDate "2011.??.??"]
[WhiteTeam "SK Neumarkt e.V."]
[BlackTeam "SC Heideck-Hilpoltstein"]

1. e4 d5 2. exd5 Qxd5 3. Nc3 Qa5 4. d4 Nf6 5. Nf3 Bg4 6. Be2 e6 7. O-O c6 8.
Bf4 Nbd7 9. Re1 Bb4 10. Bd2 Qc7 11. h3 Bh5 12. Ne4 Be7 13. Nxf6+ gxf6 14. Nh4
Bg6 15. Nxg6 hxg6 16. Qc1 g5 17. c4 O-O-O 18. d5 Ne5 19. f4 Ng6 20. fxg5 Qg3
21. Qc3 Rxh3 22. Bg4 Qh2+ 0-1

[Event "Mittelfr. EM - Qualifikationsturnier"]
[Site "Büchenbach"]
[Date "2011.04.21"]
[Round "4.22"]
[White "Drechsel, Simon"]
[Black "Dreiseitel, Ursula"]
[Result "1-0"]
[WhiteElo "1202"]
[BlackElo "1509"]
[PlyCount "90"]
[EventDate "2011.??.??"]
[WhiteTeam "SK Neumarkt e.V."]
[BlackTeam "SC Noris-Tarrasch Nürnberg 1873"]

1. e4 d6 2. d4 Nf6 3. Nc3 g6 4. Nf3 Bg7 5. Be3 O-O 6. Qd2 Nbd7 7. O-O-O a6 8.
e5 Ng4 9. h3 Nxe3 10. Qxe3 e6 11. Bc4 d5 12. Bd3 b6 13. Rhe1 c5 14. dxc5 Nxc5
15. Qf4 Bb7 16. Qd4 Rc8 17. Nd2 Qc7 18. f4 Nxd3+ 19. Qxd3 b5 20. a3 Qb6 21. Nb3
Rc7 22. Rd2 Rfc8 23. Kb1 Bf8 24. Qd4 Qc6 25. Na5 Qc5 26. Qxc5 Bxc5 27. b4 Bb6
28. Nxb7 Rxc3 29. Kb2 Be3 30. Rd3 Rxc2+ 31. Kb3 Bxf4 32. Rf3 Bc1 33. Nc5 Rb2+
34. Kc3 d4+ 35. Kd3 Be3 36. Ref1 Rd2+ 37. Ke4 Rc7 38. Nxa6 Re7 39. Nc5 Rxg2 40.
Nb3 Rd7 41. Rd1 Re2 42. Kd3 Ra2 43. Ke4 Rxa3 44. Nxd4 f5+ 45. exf6 e5 1-0

[Event "Mittelfr. EM - Qualifikationsturnier"]
[Site "Büchenbach"]
[Date "2011.04.22"]
[Round "5.1"]
[White "Güldner, Udo"]
[Black "Dittmar, Thomas"]
[Result "1-0"]
[WhiteElo "1947"]
[BlackElo "1974"]
[PlyCount "83"]
[EventDate "2011.??.??"]
[WhiteTeam "SC Forchheim e.V."]
[BlackTeam "SF Fürth 1951 e.V."]

1. d4 Nf6 2. c4 c5 3. e3 e6 4. Nc3 b6 5. Nf3 Bb7 6. Be2 Be7 7. O-O O-O 8. d5 d6
9. e4 e5 10. Bd3 Ne8 11. Qc2 Nd7 12. Ne2 Bf6 13. Ng3 g6 14. h3 Bg7 15. Nh2 Nef6
16. Be3 Qe7 17. Qd2 a6 18. Bg5 Qe8 19. Bh6 Rc8 20. Bxg7 Kxg7 21. Qg5 Kh8 22. f4
Ng8 23. f5 f6 24. Qd2 b5 25. fxg6 hxg6 26. b3 b4 27. h4 Rc7 28. h5 g5 29. Nf5
Ne7 30. Nxd6 Qxh5 31. Rf3 Kg7 32. Rh3 Qg6 33. Rf1 Bc8 34. Ng4 Rh8 35. Rxh8 Kxh8
36. Qf2 Kg7 37. Nxf6 Nxf6 38. Qxf6+ Qxf6 39. Ne8+ Kh8 40. Rxf6 Ng8 41. Rf8 Re7
42. Nf6 1-0

[Event "Mittelfr. EM - Qualifikationsturnier"]
[Site "Büchenbach"]
[Date "2011.04.22"]
[Round "5.2"]
[White "Bildt, Thomas"]
[Black "Heckel, Wolfgang"]
[Result "1-0"]
[WhiteElo "1996"]
[BlackElo "1770"]
[PlyCount "53"]
[EventDate "2011.??.??"]
[WhiteTeam "SK Zirndorf e.V."]
[BlackTeam "TSG 1893 Ellingen e.V."]

1. e4 c5 2. Nc3 d6 3. f4 Nc6 4. Nf3 g6 5. Bc4 Bg7 6. d3 e6 7. O-O Nge7 8. Bd2
a6 9. a4 O-O 10. g4 d5 11. Ba2 Nd4 12. e5 Nec6 13. Nxd4 cxd4 14. Ne2 b5 15.
axb5 axb5 16. Qe1 Bd7 17. Qf2 Qb6 18. Bb3 Ra7 19. Bc3 f6 20. Rxa7 Qxa7 21. Nxd4
Nxe5 22. fxe5 fxe5 23. Nf3 d4 24. Bb4 Rf4 25. Qg3 Bc6 26. Bxe6+ Kh8 27. Nxe5
1-0

[Event "Mittelfr. EM - Qualifikationsturnier"]
[Site "Büchenbach"]
[Date "2011.04.22"]
[Round "5.3"]
[White "Lais, Thomas"]
[Black "Weißmann, Peter"]
[Result "1/2-1/2"]
[WhiteElo "1953"]
[BlackElo "1848"]
[PlyCount "69"]
[EventDate "2011.??.??"]
[WhiteTeam "SW Nürnberg Süd e.V."]
[BlackTeam "SK Zirndorf e.V."]

1. e4 c5 2. Nf3 Nc6 3. d4 cxd4 4. Nxd4 Nf6 5. Nc3 d6 6. Bc4 e6 7. Be3 Be7 8.
Qe2 a6 9. O-O-O Nxd4 10. Bxd4 b5 11. Bb3 e5 12. Bxe5 O-O 13. Bd4 b4 14. Nd5
Nxd5 15. Bxd5 Rb8 16. e5 Qa5 17. exd6 Bxd6 18. Bb3 Bf5 19. Be3 Be5 20. f4 Bf6
21. Rd5 Rb5 22. Rxb5 axb5 23. Bd2 Rc8 24. Re1 g6 25. Kb1 h5 26. Rc1 Bc3 27. h3
Ra8 28. g4 Bxd2 29. Qxd2 hxg4 30. hxg4 Bxg4 31. Qe3 Qd8 32. Rh1 Bh5 33. f5 Qf6
34. Qh6 Qxf5 35. Qd2 1/2-1/2

[Event "Mittelfr. EM - Qualifikationsturnier"]
[Site "Büchenbach"]
[Date "2011.04.22"]
[Round "5.4"]
[White "Braun, Michael"]
[Black "Dürr, Florian"]
[Result "1-0"]
[WhiteElo "1849"]
[BlackElo "1811"]
[PlyCount "61"]
[EventDate "2011.??.??"]
[WhiteTeam "SG Büchenbach/Roth e.V."]
[BlackTeam "SC Erlangen 48/88 e.V."]

1. d4 Nf6 2. c4 g6 3. g3 Bg7 4. Bg2 c5 5. e3 d5 6. cxd5 Nxd5 7. Nc3 Nxc3 8.
bxc3 O-O 9. Nf3 Nc6 10. O-O Bf5 11. Nh4 Bc8 12. Ba3 cxd4 13. cxd4 Qa5 14. Qb3
Bf6 15. Nf3 Be6 16. Qb2 Rfc8 17. Rfc1 Rab8 18. Nd2 Qd8 19. Ne4 Kg7 20. Nxf6
exf6 21. d5 Ne5 22. dxe6 Nd3 23. Rxc8 Qxc8 24. Qb3 Ne5 25. Bd6 Ra8 26. Bxb7 Qd8
27. Bxe5 fxe5 28. Bxa8 Qxa8 29. exf7 Qc6 30. Rd1 Qc7 31. Qd5 1-0

[Event "Mittelfr. EM - Qualifikationsturnier"]
[Site "Büchenbach"]
[Date "2011.04.22"]
[Round "5.5"]
[White "Bruder, Heinz"]
[Black "Dietrich, Jochen"]
[Result "0-1"]
[WhiteElo "1840"]
[BlackElo "1953"]
[PlyCount "50"]
[EventDate "2011.??.??"]
[WhiteTeam "SW Nürnberg Süd e.V."]
[BlackTeam "SG Büchenbach/Roth e.V."]

1. e4 d6 2. d4 Nf6 3. Nc3 g6 4. f4 Bg7 5. Nf3 O-O 6. Bd3 Nbd7 7. e5 Ne8 8. O-O
c5 9. Ng5 cxd4 10. Nxf7 Rxf7 11. e6 Rf8 12. exd7 dxc3 13. dxc8=Q Rxc8 14. b3 e6
15. Be3 b6 16. Qe2 Nc7 17. Rad1 Qf6 18. Bc4 d5 19. Bd4 Qe7 20. Bxg7 Kxg7 21.
Bd3 Qd6 22. Qg4 Rf6 23. h4 Rcf8 24. g3 h5 25. Qg5 Rf5 0-1

[Event "Mittelfr. EM - Qualifikationsturnier"]
[Site "Büchenbach"]
[Date "2011.04.22"]
[Round "5.6"]
[White "Thürauf, Peter"]
[Black "Müller, Maximilian"]
[Result "1/2-1/2"]
[WhiteElo "1890"]
[BlackElo "1775"]
[PlyCount "51"]
[EventDate "2011.??.??"]
[WhiteTeam "SW Nürnberg Süd e.V."]
[BlackTeam "SG Büchenbach/Roth e.V."]

1. d4 d5 2. Nf3 e6 3. e3 Nf6 4. c4 Be7 5. Nc3 Nc6 6. Bd3 O-O 7. b3 b6 8. O-O
Bb7 9. Bb2 Nb4 10. Bb1 Ne4 11. Nxe4 dxe4 12. Nd2 f5 13. a3 Na6 14. Qe2 c5 15.
Rd1 Bf6 16. Ra2 cxd4 17. exd4 Bxd4 18. Bxd4 Qxd4 19. Nxe4 Qe5 20. Nd6 Qxe2 21.
Rxe2 Rad8 22. Red2 Bc6 23. Nb5 Rxd2 24. Rxd2 Bxb5 25. cxb5 Nc7 26. a4 1/2-1/2

[Event "Mittelfr. EM - Qualifikationsturnier"]
[Site "Büchenbach"]
[Date "2011.04.22"]
[Round "5.7"]
[White "Zedlitz, Friedemann"]
[Black "Zhao, Kevin"]
[Result "0-1"]
[WhiteElo "1715"]
[BlackElo "1851"]
[PlyCount "74"]
[EventDate "2011.??.??"]
[WhiteTeam "SG Büchenbach/Roth e.V."]
[BlackTeam "SC Erlangen 48/88 e.V."]

1. e4 e6 2. d4 d5 3. e5 c5 4. c3 Nc6 5. Nf3 Qb6 6. Be2 Bd7 7. O-O Nh6 8. b3 Nf5
9. Bd3 cxd4 10. Bxf5 exf5 11. cxd4 h6 12. Nc3 Be6 13. Qd3 a6 14. Na4 Qc7 15. a3
g5 16. Bb2 b5 17. Nc5 Bxc5 18. dxc5 Qe7 19. b4 g4 20. Nd4 Nxe5 21. Qc3 f6 22.
a4 bxa4 23. Rxa4 Kf7 24. Rfa1 a5 25. Rxa5 Rxa5 26. Rxa5 Re8 27. Nxe6 Qxe6 28.
Ra7+ Kg6 29. Ra1 Nc4 30. Rf1 f4 31. Bc1 Qf5 32. Re1 Ne5 33. Kh1 Rb8 34. Rd1 f3
35. g3 Nc6 36. Ba3 Re8 37. b5 d4 0-1

[Event "Mittelfr. EM - Qualifikationsturnier"]
[Site "Büchenbach"]
[Date "2011.04.22"]
[Round "5.8"]
[White "Korth, Manfred"]
[Black "Diller, Daniel"]
[Result "0-1"]
[WhiteElo "1812"]
[BlackElo "1759"]
[PlyCount "66"]
[EventDate "2011.??.??"]
[WhiteTeam "SC Heideck-Hilpoltstein"]
[BlackTeam "SC Erlangen 48/88 e.V."]

1. Nf3 d5 2. g3 Nf6 3. Bg2 e6 4. d3 Be7 5. Nbd2 c5 6. e4 Nc6 7. O-O O-O 8. Re1
b5 9. e5 Nd7 10. Nf1 a5 11. h4 a4 12. a3 b4 13. Bf4 bxa3 14. bxa3 Nd4 15. N1d2
Nxf3+ 16. Nxf3 Rb8 17. h5 Rb2 18. Bc1 Rb8 19. g4 f6 20. exf6 Bxf6 21. Ra2 Qb6
22. Bd2 Qd6 23. Qe2 Re8 24. g5 Bd8 25. Nh2 Bc7 26. Ng4 e5 27. f4 Bb7 28. f5 e4
29. dxe4 dxe4 30. h6 Ba6 31. Qe3 Qg3 32. Qxg3 Bxg3 33. Rxe4 Rb1+ 0-1

[Event "Mittelfr. EM - Qualifikationsturnier"]
[Site "Büchenbach"]
[Date "2011.04.22"]
[Round "5.9"]
[White "Mösl, Sebastian"]
[Black "Gajewski, Richard"]
[Result "1-0"]
[WhiteElo "1793"]
[BlackElo "1711"]
[PlyCount "45"]
[EventDate "2011.??.??"]
[WhiteTeam "SK Neumarkt e.V."]
[BlackTeam "FC Gunzenhausen 1910 e.V"]

1. e4 e6 2. d4 b6 3. Nc3 Bb7 4. Bd3 Bb4 5. a3 Bxc3+ 6. bxc3 f5 7. Qe2 Nf6 8.
Bg5 O-O 9. f3 h6 10. Bh4 g5 11. Bf2 Nh5 12. Be3 fxe4 13. fxe4 Nf4 14. Bxf4 Rxf4
15. Nf3 Qe7 16. O-O Nc6 17. a4 Re8 18. Nd2 Na5 19. Qh5 e5 20. Qg6+ Kf8 21. g3
exd4 22. gxf4 Qc5 23. fxg5+ 1-0

[Event "Mittelfr. EM - Qualifikationsturnier"]
[Site "Büchenbach"]
[Date "2011.04.22"]
[Round "5.10"]
[White "Ruderer, Thomas"]
[Black "Sikorsky, Reinhard"]
[Result "1-0"]
[WhiteElo "1778"]
[BlackElo "1626"]
[PlyCount "71"]
[EventDate "2011.??.??"]
[WhiteTeam "SC Heideck-Hilpoltstein"]
[BlackTeam "FC Gunzenhausen 1910 e.V"]

1. e4 c5 2. Nc3 Nc6 3. g3 g6 4. Bg2 Bg7 5. d3 d6 6. Be3 Nf6 7. h3 O-O 8. Qd2
Bd7 9. Nge2 a6 10. O-O b5 11. f4 b4 12. Nd1 Rb8 13. g4 e5 14. f5 Nd4 15. Ng3
Ne8 16. Bh6 Qh4 17. Bxg7 Nxg7 18. Kh2 a5 19. Ne3 a4 20. Bh1 Qg5 21. Qf2 Qh4 22.
Rab1 Bc6 23. c3 bxc3 24. bxc3 Rxb1 25. Rxb1 Nb5 26. Qc2 Na3 27. Qc1 Nxb1 28.
Qxb1 Qd8 29. Nc4 Qc7 30. Qc1 Rd8 31. Qg5 Rd7 32. Nh5 Qd8 33. Nf6+ Kf8 34. Nxh7+
Kg8 35. Nf6+ Kf8 36. Qh4 1-0

[Event "Mittelfr. EM - Qualifikationsturnier"]
[Site "Büchenbach"]
[Date "2011.04.22"]
[Round "5.11"]
[White "Münzenberg, Dietrich"]
[Black "Vennemann, Jürgen"]
[Result "1/2-1/2"]
[WhiteElo "1575"]
[BlackElo "1937"]
[PlyCount "138"]
[EventDate "2011.??.??"]
[WhiteTeam "Spvg Zabo-Eintracht Nürnberg e.V"]
[BlackTeam "SC Hersbruck"]

1. d4 d5 2. Bg5 Nf6 3. Bxf6 gxf6 4. e3 Bf5 5. Nc3 c6 6. Bd3 Bg6 7. Nge2 e6 8.
Nf4 Bxd3 9. Nxd3 Nd7 10. f4 Qc7 11. Qe2 O-O-O 12. O-O-O h5 13. g3 Re8 14. Qf2
Bh6 15. Kb1 Nb6 16. b3 Bf8 17. Rhe1 Ba3 18. e4 dxe4 19. Nxe4 Nd5 20. c4 f5 21.
cxd5 fxe4 22. Rxe4 cxd5 23. Re2 Kb8 24. Rc2 Qa5 25. Ne5 Rc8 26. Nd7+ Ka8 27.
Qd2 Qb5 28. Ne5 f6 29. Nd3 Kb8 30. Ne1 h4 31. Rxc8+ Rxc8 32. Nc2 Bd6 33. Qd3
Qc6 34. Re1 hxg3 35. hxg3 Qd7 36. Qg6 Be7 37. Kb2 Qc6 38. Qd3 Rh8 39. Qc3 Qd6
40. Qe3 Rh2 41. Re2 Rxe2 42. Qxe2 Bd8 43. Qh5 a6 44. a3 Qe7 45. Nb4 Bb6 46. Nc2
f5 47. Qe2 Qg7 48. Qe5+ Qxe5 49. fxe5 Kc8 50. Kc3 Kd7 51. Kd3 Ke8 52. Ne3 Kf7
53. Ng2 Bd8 54. Kc3 Bg5 55. Nf4 Bxf4 56. gxf4 Kg6 57. Kb4 b6 58. a4 Kh5 59. a5
bxa5+ 60. Kc5 Kg4 61. Kd6 Kxf4 62. Kxe6 Kg4 63. Kxd5 f4 64. e6 f3 65. e7 f2 66.
e8=Q f1=Q 67. Qg6+ Kh4 68. Qh6+ Kg4 69. Qg6+ Kh4 1/2-1/2

[Event "Mittelfr. EM - Qualifikationsturnier"]
[Site "Büchenbach"]
[Date "2011.04.22"]
[Round "5.12"]
[White "Di Bonaventura, Stefan"]
[Black "Meulner, Fabian"]
[Result "1-0"]
[WhiteElo "1637"]
[BlackElo "1813"]
[PlyCount "109"]
[EventDate "2011.??.??"]
[WhiteTeam "SG Büchenbach/Roth e.V."]
[BlackTeam "SW Nürnberg Süd e.V."]

1. e4 c5 2. Nf3 a6 3. d4 cxd4 4. Nxd4 e5 5. Nf3 Nc6 6. Bc4 d6 7. O-O Be7 8. Nc3
Nf6 9. a3 O-O 10. Bg5 b5 11. Bxf6 Bxf6 12. Be2 Be6 13. Nd5 Be7 14. c4 bxc4 15.
Bxc4 Kh8 16. Rc1 Na5 17. Ba2 Bxd5 18. Bxd5 Rb8 19. b4 Nb7 20. Rc3 a5 21. Qc2
axb4 22. axb4 Qb6 23. Rc1 Nd8 24. Rc7 Bf6 25. Rc4 Ne6 26. g3 g5 27. h3 Nd4 28.
Qd3 Nxf3+ 29. Qxf3 Bd8 30. Qf5 Qa7 31. Kg2 Qe7 32. R1c3 f6 33. Rb3 Ba5 34. b5
Bb6 35. Bc6 Bc5 36. Ra4 Rfc8 37. Bd5 Rf8 38. Ra6 Qc7 39. Rb2 Rb6 40. Rxb6 Bxb6
41. Ra2 Kg7 42. Ra8 Rxa8 43. Bxa8 h6 44. Bd5 Bd4 45. Qe6 Qd8 46. Qf7+ Kh8 47.
Qb7 h5 48. Be6 Qf8 49. Bf5 Qg8 50. Qc6 Qd8 51. Qb7 Qg8 52. Qe7 Qg7 53. Qe8+ Qg8
54. Qxh5+ Kg7 55. Qg6+ 1-0

[Event "Mittelfr. EM - Qualifikationsturnier"]
[Site "Büchenbach"]
[Date "2011.04.22"]
[Round "5.13"]
[White "Burger, Thomas"]
[Black "Babichev, Vyacheslav"]
[Result "1-0"]
[WhiteElo "1695"]
[BlackElo "1786"]
[PlyCount "119"]
[EventDate "2011.??.??"]
[WhiteTeam "SAbt Wolframs-Eschenbach"]
[BlackTeam "SW Nürnberg Süd e.V."]

1. d4 e6 2. c4 b6 3. Nf3 Bb7 4. g3 f5 5. Bg2 Nf6 6. O-O Ne4 7. Nfd2 d5 8. cxd5
exd5 9. Nxe4 dxe4 10. f3 exf3 11. Bxf3 Bxf3 12. Rxf3 Nc6 13. Qa4 Qxd4+ 14. Re3+
Kd7 15. Qxd4+ Nxd4 16. Rd3 Kc6 17. Rxd4 Bc5 18. e3 Bxd4 19. exd4 Rhe8 20. Kf2
Re4 21. d5+ Kb7 22. Nc3 Re7 23. Bg5 Rf7 24. Re1 h6 25. Bd2 g5 26. Re6 Rh8 27.
h4 f4 28. gxf4 gxh4 29. Rg6 h5 30. Rg5 a6 31. Kg2 Rhh7 32. Kh3 b5 33. a3 Re7
34. Kxh4 a5 35. d6 cxd6 36. Rxb5+ Kc6 37. Rxa5 Reg7 38. Rg5 Rd7 39. Rd5 Rdg7
40. Rg5 Rd7 41. b4 d5 42. Rxh5 d4 43. Ne4 Rhe7 44. Re5 Rh7+ 45. Kg3 Rdg7+ 46.
Rg5 Ra7 47. Ra5 Rae7 48. Rc5+ Kb6 49. Re5 Ra7 50. a4 Rxa4 51. Ra5 Rxa5 52.
bxa5+ Kb5 53. f5 Kc4 54. f6 Kd3 55. Ng5 Ra7 56. f7 Kxd2 57. f8=Q Kd3 58. Qc5
Ra8 59. Qb5+ Kd2 60. Nf3+ 1-0

[Event "Mittelfr. EM - Qualifikationsturnier"]
[Site "Büchenbach"]
[Date "2011.04.22"]
[Round "5.14"]
[White "Walch, Roger"]
[Black "Hollmann, Thomas"]
[Result "1-0"]
[WhiteElo "1747"]
[BlackElo "1441"]
[PlyCount "67"]
[EventDate "2011.??.??"]
[WhiteTeam "SW Nürnberg Süd e.V."]
[BlackTeam "SG Büchenbach/Roth e.V."]

1. e4 e6 2. d4 d5 3. Nd2 c5 4. c3 Qb6 5. Ngf3 Nc6 6. Bd3 cxd4 7. exd5 dxc3 8.
bxc3 exd5 9. Qe2+ Be7 10. O-O Nf6 11. Ba3 Qc7 12. Bb5 Be6 13. Bxe7 Qxe7 14.
Rfe1 a6 15. Bxc6+ bxc6 16. Nd4 Kd7 17. Rab1 Kc7 18. Qe5+ Kc8 19. Rb6 Re8 20.
Reb1 Qa7 21. Rxc6+ Kd8 22. Rd6+ Kc8 23. Nc6 Qc7 24. Qf4 Rh8 25. Qb4 Bf5 26. Re1
Bd7 27. Ne7+ Kd8 28. Nxd5 Nxd5 29. Rxd5 Rb8 30. Qe7+ Kc8 31. Nc4 Qc6 32. Rc5
Re8 33. Rxc6+ Bxc6 34. Nd6# 1-0

[Event "Mittelfr. EM - Qualifikationsturnier"]
[Site "Büchenbach"]
[Date "2011.04.22"]
[Round "5.15"]
[White "Siegl, Adrian"]
[Black "Bayer, Rolf"]
[Result "0-1"]
[WhiteElo "1383"]
[BlackElo "1718"]
[PlyCount "64"]
[EventDate "2011.??.??"]
[WhiteTeam "SW Nürnberg Süd e.V."]
[BlackTeam "SC Noris-Tarrasch Nürnberg 1873"]

1. e4 c5 2. Nf3 e6 3. d4 cxd4 4. Nxd4 Nc6 5. Nc3 a6 6. Bc4 Nf6 7. Bg5 Be7 8.
Nxc6 bxc6 9. e5 Nd5 10. Bxd5 Bxg5 11. Bf3 Rb8 12. Rb1 Be7 13. O-O O-O 14. Ne4
Rb5 15. Qd4 Qa5 16. Nc3 Rxe5 17. a3 Qc7 18. Rbd1 d5 19. Bg4 c5 20. Qd3 Rg5 21.
h3 f5 22. f4 Rg6 23. Be2 c4 24. Qd2 Qb6+ 25. Kh1 Qxb2 26. Ra1 Qb6 27. Bf3 Bf6
28. Rad1 d4 29. Ne2 Rd8 30. Qb4 Qc7 31. Qa4 Bb7 32. Bxb7 Qxb7 {
Rest nicht nachvollziehbar} 0-1

[Event "Mittelfr. EM - Qualifikationsturnier"]
[Site "Büchenbach"]
[Date "2011.04.22"]
[Round "5.16"]
[White "Diebel, Günter"]
[Black "Kellmann, Andreas"]
[Result "1-0"]
[WhiteElo "1704"]
[BlackElo "1396"]
[PlyCount "73"]
[EventDate "2011.??.??"]
[WhiteTeam "SG Büchenbach/Roth e.V."]
[BlackTeam "SG Büchenbach/Roth e.V."]

1. e4 e6 2. Nc3 Bb4 3. Qf3 Qf6 4. Qxf6 Nxf6 5. Nb5 Na6 6. e5 Ng4 7. c3 Be7 8.
d4 d6 9. f3 Nh6 10. Bxh6 gxh6 11. exd6 Bxd6 12. Nxd6+ cxd6 13. Bxa6 bxa6 14.
Ne2 Rb8 15. O-O-O Rg8 16. Rhg1 Bb7 17. Kc2 Bd5 18. b3 Bc6 19. c4 d5 20. c5 a5
21. a4 a6 22. Nf4 Ke7 23. g3 Rg5 24. g4 Rbg8 25. h4 R5g7 26. Rge1 Rb8 27. Re5
h5 28. g5 Rh8 29. Rde1 Kd7 30. Nxh5 Rg6 31. Nf6+ Kd8 32. h5 Rg7 33. h6 Rg6 34.
f4 Bd7 35. Kb2 Bc6 36. Ka3 Kc7 37. Rb1 1-0

[Event "Mittelfr. EM - Qualifikationsturnier"]
[Site "Büchenbach"]
[Date "2011.04.22"]
[Round "5.17"]
[White "Dorner, Hans"]
[Black "Dreiseitel, Werner"]
[Result "1/2-1/2"]
[WhiteElo "1675"]
[BlackElo "1523"]
[PlyCount "77"]
[EventDate "2011.??.??"]
[WhiteTeam "SC Heideck-Hilpoltstein"]
[BlackTeam "SC Noris-Tarrasch Nürnberg 1873"]

1. e4 c6 2. Nc3 d5 3. d4 dxe4 4. Nxe4 Bf5 5. Ng3 Bg6 6. Nf3 Nd7 7. Bc4 e6 8.
Bg5 Qc7 9. Qe2 Ngf6 10. Ne5 Nxe5 11. dxe5 Nd5 12. O-O Bc5 13. Ne4 Bxe4 14. Qxe4
O-O 15. Bd3 g6 16. Bc4 Be7 17. h4 Rad8 18. Bh6 Rfe8 19. h5 Bf8 20. Bg5 Rd7 21.
g3 Bg7 22. f4 Qb6+ 23. Kh2 Ne3 24. Bd3 Nxf1+ 25. Rxf1 Qxb2 26. Kh3 Qd4 27. hxg6
fxg6 28. Qh1 h6 29. Bxg6 Rf8 30. Kg4 Bxe5 31. Qxh6 Bf6 32. Rh1 Rff7 33. Bxf6
Qxf6 34. Bh7+ Rxh7 35. Qxf6 Rdg7+ 36. Kf3 Rxh1 37. Qxe6+ Kh7 38. Qf5+ Kg8 39.
Qe6+ 1/2-1/2

[Event "Mittelfr. EM - Qualifikationsturnier"]
[Site "Büchenbach"]
[Date "2011.04.22"]
[Round "5.18"]
[White "Müller, Roland"]
[Black "Drechsel, Simon"]
[Result "1-0"]
[WhiteElo "1635"]
[BlackElo "1202"]
[PlyCount "61"]
[EventDate "2011.??.??"]
[WhiteTeam "SV Lauf a.d.P."]
[BlackTeam "SK Neumarkt e.V."]

1. b3 e6 2. Bb2 Nf6 3. f4 g6 4. Nf3 Bg7 5. e3 d5 6. Na3 O-O 7. Rc1 b6 8. Be2 c5
9. O-O Nc6 10. Qe1 Bb7 11. Ne5 Nd7 12. Nxc6 Bxc6 13. Bxg7 Kxg7 14. Bf3 Nf6 15.
d3 Kg8 16. Nb1 Rc8 17. Nd2 Qd6 18. g4 d4 19. g5 Nd7 20. Bxc6 Rxc6 21. Ne4 Qd5
22. Qh4 dxe3 23. Rf3 Qd4 24. Rh3 h5 25. gxh6 f5 26. Ng5 Nf6 27. Nf3 e2+ 28.
Nxd4 cxd4 29. Qf2 Ng4 30. Qxd4 Nf6 31. Re3 1-0

[Event "Mittelfr. EM - Qualifikationsturnier"]
[Site "Büchenbach"]
[Date "2011.04.22"]
[Round "5.19"]
[White "Andersen, Ernst"]
[Black "Siegl, Melina"]
[Result "0-1"]
[WhiteElo "1562"]
[BlackElo "1585"]
[PlyCount "72"]
[EventDate "2011.??.??"]
[WhiteTeam "Privatverein Roth e.V."]
[BlackTeam "SW Nürnberg Süd e.V."]

1. e4 c5 2. Nf3 Nc6 3. c3 d5 4. exd5 Qxd5 5. d3 Bg4 6. Be2 Nf6 7. Be3 e6 8.
Nbd2 Be7 9. h3 Bf5 10. Nb3 b6 11. O-O O-O 12. Nh4 Rad8 13. Nxf5 Qxf5 14. Nc1
Qe5 15. Qa4 Bd6 16. g3 Ne7 17. Bf4 Qd5 18. Bxd6 Qxd6 19. Bf3 Rd7 20. Rd1 Nf5
21. Kg2 Qc7 22. Ne2 Rfd8 23. Qc2 Nd5 24. Rac1 Nde3+ 25. fxe3 Nxe3+ 26. Kf2 Nxc2
27. Rxc2 Rxd3 28. Rxd3 Rxd3 29. Be4 Rd8 30. Nf4 g6 31. Re2 c4 32. h4 Qc5+ 33.
Kg2 e5 34. Nh3 f5 35. Ng5 fxe4 36. Ne6 Qd5 0-1

[Event "Mittelfr. EM - Qualifikationsturnier"]
[Site "Büchenbach"]
[Date "2011.04.22"]
[Round "5.20"]
[White "Wild, Erwin"]
[Black "Stahl, Peter"]
[Result "1-0"]
[WhiteElo "1605"]
[BlackElo "1600"]
[PlyCount "59"]
[EventDate "2011.??.??"]
[WhiteTeam "SG Büchenbach/Roth e.V."]
[BlackTeam "SAbt Wolframs-Eschenbach"]

1. c4 b5 2. cxb5 a6 3. bxa6 Bxa6 4. d3 d5 5. Nf3 c5 6. Qa4+ Qd7 7. Qxd7+ Nxd7
8. g3 e6 9. Bg2 h6 10. O-O f5 11. b3 Be7 12. Bb2 Bf6 13. Bxf6 Ngxf6 14. Nbd2 g5
15. Rfb1 f4 16. b4 fxg3 17. hxg3 cxb4 18. Rxb4 O-O 19. a4 Rab8 20. Rab1 Rxb4
21. Rxb4 Rc8 22. Nd4 Rc1+ 23. Nf1 e5 24. Nf5 Kh7 25. Ne7 d4 26. Nd5 Rxf1+ 27.
Kxf1 Nxd5 28. Bxd5 Nc5 29. a5 Bc8 30. Rc4 1-0